Maulana Da’ud, The Chandayan (Record no. 531027)

000 -LEADER
fixed length control field 00652nam a22001457a 4500
008 - FIXED-LENGTH DATA ELEMENTS--GENERAL INFORMATION
fixed length control field 250724b ||||| |||| 00| 0 eng d
100 ## - MAIN ENTRY--PERSONAL NAME
Personal name Orsini, Francesca
245 ## - TITLE STATEMENT
Title Maulana Da’ud, The Chandayan
260 ## - PUBLICATION, DISTRIBUTION, ETC. (IMPRINT)
Place of publication, distribution, etc The Indian Economic and Social History Review
300 ## - PHYSICAL DESCRIPTION
Extent 62(2), Apr-Jun, 2025: p.272-274
520 ## - SUMMARY, ETC.
Summary, etc Trans. Richard j. Cohen, with essays by Naman P. Ahuja, Vivek Gupta and Qamar Adamjee (Mumbai: the Marg foundation, 2024), 424 pp.- Reproduced

https://journals.sagepub.com/doi/full/10.1177/00194646251322490
773 ## - HOST ITEM ENTRY
Main entry heading The Indian Economic and Social History Review
906 ## - LOCAL DATA ELEMENT F, LDF (RLIN)
Subject DIP BOOK REVIEW
942 ## - ADDED ENTRY ELEMENTS (KOHA)
Item type Articles
Holdings
Withdrawn status Lost status Source of classification or shelving scheme Damaged status Not for loan Permanent location Current location Date acquired Serial Enumeration / chronology Barcode Date last seen Koha item type
          Indian Institute of Public Administration Indian Institute of Public Administration 2025-07-24 62(2), Apr-Jun, 2025: p.272-274 AR136781 2025-07-24 Articles

Powered by Koha